Trenčianské Teplice lesné termálne kúpalište "Zelená žaba"
Zobrazenie: V bielom orámovaní pohľad na trojpodlažnú budovu kúpaliska, v popredí lavička, na chodníku dve ženy v plavkách otočené chrbtom
| Format: | Postcard |
|---|---|
| Language: | Slovak German |
| PhysicalDescription: | 1 pohľadnica tónovaná do zelena 9 x 14 cm |
| Published: |
Trenč. Teplice
Joža Holas kníhkupectvo
[1945?]
|
| Subjects: |
MARC
| LEADER | 00000ckm a2200000 a 4500 | ||
|---|---|---|---|
| 001 | vtls011753477 | ||
| 003 | SK-MaSNL | ||
| 005 | 20260512125852.0 | ||
| 007 | kp ao | ||
| 008 | 240703q1945 xo g 00 kuslo | ||
| 015 | |a SNBG1945 | ||
| 035 | |a urn:nbn:sk:snk-km00eazf | ||
| 035 | |a urn:nbn:sk:snk-km43g6s | ||
| 035 | |a E7AD2C41-56FD-4FF8-BB6F-F85C4714E883 | ||
| 040 | |a SNK |b slo |c SNK |e AACR2 | ||
| 041 | 0 | |a slo |a ger | |
| 043 | |a e-xo--- | ||
| 044 | |a xo |c SK | ||
| 072 | 7 | |a 913 |x Regionálna geografia |2 konspekt | |
| 080 | |a 913(437.6) |2 2011 | ||
| 080 | |a (084.121) |2 2011 | ||
| 080 | |a 725.1:613.47-026.912 |2 2011 | ||
| 080 | |a 711.455:615.838 |2 2011 | ||
| 245 | 0 | 0 | |a Trenčianské Teplice |h grafika |b lesné termálne kúpalište "Zelená žaba" |
| 246 | 3 | 1 | |a Trentschin Teplitz-Bad |
| 260 | |a Trenč. Teplice |b Joža Holas kníhkupectvo |c [1945?] | ||
| 300 | |a 1 pohľadnica |b tónovaná do zelena |c 9 x 14 cm | ||
| 500 | |a Na adresnej časti uvedené: "571" | ||
| 520 | 8 | |a Zobrazenie: V bielom orámovaní pohľad na trojpodlažnú budovu kúpaliska, v popredí lavička, na chodníku dve ženy v plavkách otočené chrbtom | |
| 546 | |a Súbežný názov v nemčine | ||
| 610 | 2 | 7 | |a Kúpele Zelená žaba (Trenčianske Teplice, Slovensko) |2 SNKKA |9 187706 |
| 610 | 2 | 7 | |a Kúpele Trenčianske Teplice (Slovensko) |2 SNKKA |9 189670 |
| 650 | 0 | 7 | |a kúpaliská |2 SNKPH |9 4394 |
| 650 | 0 | 7 | |a kúpele |2 SNKPH |9 1139 |
| 651 | 7 | |a Trenčianske Teplice (Slovensko) |2 SNKPH |9 14503 | |
| 655 | 7 | |a miestne pohľadnice |2 SNKPH |9 70510 | |
| 752 | |a Slovensko |d Trenčianske Teplice | ||
| 852 | |a Slovenská národná knižnica | ||
| 958 | |a EUIPO | ||
| 958 | |a GBN | ||
| 958 | |a GC | ||
| 958 | |a OND | ||
| 999 | |c 1114713 |d 1116643 | ||
| 952 | |a SNK |b SNK |y PREZ |7 0 |p 17A1237194 |o snkSP 32621 |z Pohľadnica prešla poštou. |0 0 |1 0 |4 0 |d 2018-04-26 |f 1 |l 0 |r 2026-02-24 18:12:41 |w 2026-02-24 | ||


